| 000 | 00515nam a2200157 i 4500 | ||
|---|---|---|---|
| 001 | 182404 | ||
| 003 | ES-MaACL | ||
| 005 | 20230906221611.0 | ||
| 008 | 130808s1997 sp |||| | spa d | ||
| 245 | 0 | 0 |
_aProtocolo sobre el repliegue en Hebrón _b: textos y documentos relacionados. |
| 260 |
_aMadrid : _bEmbajada de Israel en España, _c1997. |
||
| 300 |
_a31 p. : _bmap. ; _c30 cm. |
||
| 546 | _aTextos en castellano e inglés. | ||
| 650 | 0 | 4 |
_aConflicto árabe-israelí. _911266 |
| 852 |
_aES-MaACL _j2323-F-15 |
||
| 999 |
_c182404 _d182404 |
||